| 000 | 01706cam a2200265 4500500 | ||
|---|---|---|---|
| 005 | 20251228070430.0 | ||
| 041 | _afre | ||
| 042 | _adc | ||
| 100 | 1 | 0 |
_aHaim, Patrick _eauthor |
| 245 | 0 | 0 | _aLe modèle systémique " valeurs - trésorerie - prévisionnel " |
| 260 | _c2009. | ||
| 500 | _a5 | ||
| 520 | _aABSTRACT The purpose of this paper is to show that within a systems dynamics approach it is possible to reconcile the positivist determinism and the management sciences constructivist project, this relying on the “Securities - Liquid assets – Projected cash flows” conceptual model. The challenge is to set up systemic links between the management practices and these two well known methodological approaches in order to form a pragmatic understanding. This helps solving the economic self production issue and not to dissociate solely objects between themselves and from their environment. The latter process leads to a blind and cost killing perception originating crisis such as we know them. | ||
| 690 | _aCOMPTABILITE EVENEMENTIELLE | ||
| 690 | _aINVARIANTS FONDAMENTAUX | ||
| 690 | _aMODELE SYSTEMIQUE COMPLEXE DYNAMIQUE MULTIDIMENSIONNEL (INFORMATISATION DE PROCESSUS) | ||
| 690 | _aVARIABLES SYSTEMIQUES | ||
| 690 | _aEVENTS ACCOUNTING | ||
| 690 | _aINVARIABLE FUNDAMENTAL ELEMENTS | ||
| 690 | _aMANAGEMENT SYSTEMS TOOL | ||
| 690 | _aSYSTEMIC COMPLEX DYNAMIC MULTIDIMENSIONAL MODEL (COMPUTERIZED PROCESS) | ||
| 690 | _aVARIOUS SYSTEMIC ELEMENTS | ||
| 786 | 0 | _nVie & sciences de l'entreprise | 182 | 2 | 2009-12-01 | p. 86-113 | 2262-5321 | |
| 856 | 4 | 1 | _uhttps://shs.cairn.info/revue-vie-et-sciences-de-l-entreprise-2009-2-page-86?lang=fr&redirect-ssocas=7080 |
| 999 |
_c1592785 _d1592785 |
||